পালিপ্রকাশ : (Record no. 41643)
[ view plain ]
| 000 -LEADER | |
|---|---|
| fixed length control field | 00969nam a2200217 a 4500 |
| 001 - CONTROL NUMBER | |
| control field | 41643 |
| 003 - CONTROL NUMBER IDENTIFIER | |
| rucl marc code | BD-RjUL |
| 005 - DATE AND TIME OF LATEST TRANSACTION | |
| control field | 20211209053427.0 |
| 008 - FIXED-LENGTH DATA ELEMENTS--GENERAL INFORMATION | |
| fixed length control field | 160604s1951 i ||||| |||| 00| 0 ben d |
| 035 ## - SYSTEM CONTROL NUMBER | |
| System control number | (BD-RjUL)41761 |
| 040 ## - CATALOGING SOURCE | |
| Original cataloging agency | BD-RjUL |
| Language of cataloging | ben |
| Transcribing agency | BD-RjUL |
| 041 ## - LANGUAGE CODE | |
| Language code of text/sound track or separate title | ben |
| 082 ## - DEWEY DECIMAL CLASSIFICATION NUMBER | |
| Edition number | 23 |
| Classification number | 491.373 |
| Author mark and year | BHP 1951 |
| 100 ## - MAIN ENTRY--PERSONAL NAME | |
| Personal name | ভট্টাচার্য, বিধুশেখর |
| 9 (RLIN) | 127912 |
| 245 10 - TITLE STATEMENT | |
| Title | পালিপ্রকাশ : |
| Remainder of title | পালিভাষার সুগম ব্যাকরণ, পাঠাবলী ও শব্দকোষ / |
| Statement of responsibility, etc. | বিধুশেখর ভট্টাচার্য, |
| 260 ## - PUBLICATION, DISTRIBUTION, ETC. (IMPRINT) | |
| Place of publication, distribution, etc. | কলিকাতা : |
| Name of publisher, distributor, etc. | শ্রীপুরুষোত্তম ভট্টাচার্য, |
| Date of publication, distribution, etc. | ১৯৫১ (১৩৫৮) |
| 300 ## - PHYSICAL DESCRIPTION | |
| Pagination | [১৮], ২৮৭ পৃ. ; |
| Size | ২৩ সেমি. |
| 650 ## - SUBJECT ADDED ENTRY--TOPICAL TERM | |
| Topical term or geographic name as entry element | পালি ভাষা |
| General subdivision | অভিধান |
| 9 (RLIN) | 127913 |
| Topical term or geographic name as entry element | Pali language |
| General subdivision | Dictionaries |
| 9 (RLIN) | 127914 |
| 942 ## - ADDED ENTRY ELEMENTS (KOHA) | |
| Source of classification or shelving scheme | Dewey Decimal Classification |
| Koha item type | Books |
| Lost status | Source of classification or shelving scheme | Damaged status | Not for loan | Collection code | Permanent Location | Current Location | Shelving location | Date acquired | Source of acquisition | Cost, normal purchase price | Total Checkouts | Full call number | Date last seen | Copy number | Koha item type |
|---|---|---|---|---|---|---|---|---|---|---|---|---|---|---|---|
| Dewey Decimal Classification | Non-fiction | Central Library, University of Rajshahi | Central Library, University of Rajshahi | 29/06/1960 | Warri book centre | 5.12 | B 491.373 BHP 1951 | 04/06/2016 | C-2 | Books | |||||
| Dewey Decimal Classification | Non-fiction | Central Library, University of Rajshahi | Central Library, University of Rajshahi | 02/12/1991 | B 491.373 BHP 1951 | 27/09/2016 | C-3 | Books |